B01_鉄道唱歌に登場する地名・史跡(東海道編) - Statistics

General Stats
  • This quiz has been taken 122 times
  • The average score is 79 of 155
Answer Stats
歌詞 地名・史跡名 % Correct
汽笛一声___をはや我汽車は離れたり 新橋
94%
窓より近く___の 品川
93%
ゆけば___ステーション港を見れば百舟の 煙は空をこがすまで 横浜
93%
すぐれば早も___の大師河原は程ちかし 急げや電気の道すぐに 川崎
88%
呼ばれておるる___の 大船
81%
___とおからず 小田原
81%
___いでて 静岡
81%
はや___につきにけり | 三府の一に位して商業繁華の___市 豊太閤のきずきたる 城に師団はおかれたり | ___いでて右左菜種ならざる畑もなし 大阪
81%
さかさにうつる___の嶺を波にながむる舟人は 夏も冬とや思うらん | はるかにみえし___の嶺ははや我そばに来たりたり 雪の冠雲の帯 いつもけだかき姿にて | 右は入海しずかにて空には___の雪しろし 富士
79%
名たかき金のしゃちほこは___の城の光なり 名古屋
79%
梅に名をえし___を 大森
78%
つぎは___ 鎌倉
78%
___おりて乗る汽車は 豊橋
78%
扇おしろい___紅 | 神社仏閣山水のほかに___の物産は | ___ | ___と呼びたつる駅夫のこえも勇ましや 京都
78%
はや___に着きにけり見よやドックに集まりし わが軍艦の壮大を | ___ゆきは乗換と 橫須賀
76%
___の山に入りのこる月を旅路の友として 愛宕
75%
ほとりに沿いし___は北陸道の分岐線 米原
75%
___は近年ひらけたる豆相線路のわかれみち 駅にはこの地の名をえたる 官幣大社の宮居あり 三島
73%
___ 鶴見
72%
琴ひく風の___も 浜松
72%
見よや徳川家康のおこりし土地の___を 岡崎
72%
おもえば夢か時のまに五十三次はしりきて ___のやどに身をおくも 人に翼の汽車の恩
明けなば更に乗りかえて 山陽道を進ままし 天気は明日も望みあり 柳にかすむ月の影
| ___は五港の一つにてあつまる汽船のかずかずは
神戸
72%
右は___ 高輪
70%
___あとにして 神奈川
70%
___の海に聞こえたる 沼津
70%
地震のはなしまだ消えぬ___の鵜飼も見てゆかん 岐阜
70%
___八里の山道もあれ見よ雲の間より 箱根
67%
ここぞ___夏ならばわれも登山をこころみん 高さは一万数千尺 十三州もただ一目 御殿場
67%
___ 掛川
67%
天下の旗は徳川に帰せしいくさの___ 関ケ原(関が原)
67%
___おるれば馬車ありて 国府津
66%
今なお___を三里へだてて流れたり 孝子の名誉ともろともに 大垣
66%
___に立てる井伊の城 彦根
66%
海水浴に名を得たる___みえて波すずし 大磯
64%
___一の大都会 駿州
64%
___の高嶺は雪ならで花なす雲にかくれたり 矢走にいそぐ舟の帆も みえてにぎわう波の上 比良
64%
___か 房州
63%
___ 源氏の古跡や尋ね見ん 鶴が岡
63%
___の石段に立てる一木の大鴨脚樹 別當公曉のかくれしと 歴史にあるは此蔭よ ここに開きし頼朝が 幕府のあとは何かたぞ 松風さむく日は暮れて こたえぬ石碑は苔あおし 八幡宮
63%
御威は千代に燃ゆる火の___の原はここなれや 焼津
63%
山はうしろに立ち去りて前に来たるは___の海 琵琶
63%
___にひさぐ姥が餅かわる名所も名物も 旅の徒然のうさはらし 草津
63%
___を引きて通したる 琵琶湖
63%
___ 四十七士の墓どころ雪は消えても消えのこる 名は千載の後までも 泉岳寺
60%
___も見えて波白く 台場
60%
めぐみ___の御やしろは三種の神器の一つなる その草薙の神つるぎ あおげや同胞四千万 熱田
60%
ながれも清き水上に君がよまもる___の宮 賀茂(鴨・加茂)
60%
ここぞ___の宮のあと 高津
60%
海のあなたにうすがすむ山は___か 上総
58%
鳥の羽音におどろきし平家の話は昔にて 今は汽車ゆく___を 富士川
58%
___につづく 清水
58%
春さく花の___も 藤枝
58%
いよいよ近くなれくるは___の海の波のいろ その八景も居ながらに 見てゆく旅の楽しさよ 近江
58%
___むかしは人を肩にのせ わたりし話も夢のあと 大井川
57%
さかまき来たる___の川瀬の波に雪ぞちる 天竜(天龍)
57%
___を 安倍川(阿部川)
55%
草むすかばねいまもなお吹くか___の山おろし 伊吹
55%
赤き鳥居の神さびて立つは___の稲荷山 伏見
55%
桜は春の___ 嵯峨
55%
___うちすぎて 吹田
55%
___もただ半日の道ぞかし 江の島
54%
汽車より___をながめつつ 逗子
54%
支線をあとに立ちかえりわたる___の 相模
54%
いでてはくぐるトンネルの前後は___ 山北
54%
___ 袋井
54%
煙を水に横たえてわたる___の橋の上 たもと凉しく吹く風に 夏ものこらずなりにけり 浜名
54%
東海道にてすぐれたる海のながめは___ 蒲郡
54%
大石良雄が___のその隠れ家はあともなし 山科
54%
おくり迎うる程もなく___ 茨木
54%
ここぞ昔の___の津 難波
54%
西にそびゆる___ 嵐山
52%
すぎて___の 島田
51%
___ 清水
51%
___織の綾錦友禅染の花もみじ 西陣
51%
___駅今もわすれぬ鉄橋の 下ゆく水のおもしろさ 小山
49%
___の川舟さおさしてくだりし旅はむかしにて またたくひまに今はゆく 煙たえせぬ陸の道
49%
___ 南は大仏星月夜 建長寺
48%
世に名も高き___鯛 興津
48%
鞘より抜けておのずから___はらいし御剣の 草薙(草なぎ)
48%
___の塔を左にて 東寺
48%
___ 馬入川
46%
東に立てる___ 東山
46%
北は___ 円覚(寺)
45%
___ 田子の浦
45%
とまれば___ステーション 七条(七條)
45%
___は我をむかえたり 梅田
45%
___ 桂川
43%
___おりて 山崎
43%
___ 片瀬
42%
菜種に蝶の___もうしろに走る愉快さを うたうか磯の波のこえ 舞坂
42%
___しぼりの産地なる | ___に近き 鳴海
42%
___を 大高
42%
かれとこれとの麓ゆく水は___ | また___の鷺しらずみやげを提げていざ立たん あとに名残は残れども 鴨川(賀茂川・加茂川)
42%
むかしながらの山ざくらにおうところや___の里 滋賀(志賀)
40%
___ 腰越
39%
___ 酒匂
39%
___の橋に残れるは藤吉郎のものがたり 矢作
39%
下りておよそ一里半ゆけば昔の___ 桶狭間
37%
冬は雪見の___ 銀閣寺
37%
___を 淀川
37%
下るは___の帰り舟 身延
36%
___より 江尻
36%
この水上にありと聞く___の湖水の冬げしき 雪と氷の架け橋を わたるは神か里人か 諏訪
36%
これぞ___道 豊川稲荷
36%
ゆけば程なき___ 久能山
34%
左は___ちかく山なす波ぞ碎けちる 遠州灘(遠州洋)
34%
鳥も翔らぬ大空にかすむ五重の塔の影 仏法最初の寺と聞く ___はあれかとよ 四天王寺
34%
___春は花さく桃のころ 夏はすずしき海のそば 我入道
33%
___いつしかあとにはやなりて 中泉
33%
___ 吉田
33%
里は___ 牛臥(牛伏)
31%
鐘の音ひびく___ 清見寺
31%
疏水の工事は___岩切り抜きて舟をやる 知識の進歩も見られたり 南禅寺
31%
___ 祇園
30%
___ 知恩院(智恩院)
30%
___ 三保の松原
28%
海の西より東より___がよいも交じりたり 瀬戸内
28%
いつしかまたも闇となる世界は夜かトンネルか ___夜泣石 問えども知らぬよその空 小夜の中山
27%
都のあとは知らねども___はそのままに 逢坂山
27%
父やしないし___は 養老の滝
25%
___横に見て 瀬田の長橋
25%
ゆけば___紫式部が筆のあと のこすはここよ月の夜に 石山観世音
25%
磯にはながめ晴れわたる___のみさきを控えつつ 和田
25%
わたればここぞ___の山きりぬきし洞の道 宇津の谷
24%
たえまに響く___の鐘 三井
24%
___ 御室
24%
ここは桓武のみかどより千有余年の都の地 今も雲井の空たかく あおぐ___ 清涼(殿)
22%
___に入る舟の煙は日夜たえまなし 安治川口
22%
夕ぐれさむき___の松には雨のかかるらん 唐崎
21%
___ 紫宸殿
21%
___ 黒谷
21%
___ 真如堂
21%
夏はすずみの___ 四条橋(四條橋)
21%
紅葉は秋の___ 高雄山
21%
わたる向こうは___行幸ありし先帝の かしこきあとぞ忍ばるる 男山
19%
___ 池田
19%
___と名にききし酒の産地もとおるなり 伊丹
19%
___におつる雁がねの 堅田
18%
七度うまれて君が代をまもるといいし楠公の いしぶみ高き___ ながれて世々の人ぞ知る 湊川
18%
___よりはのりかえて 神崎
16%
___のながれのみ浅黄にゆくぞ美しき 神崎川
13%
ゆあみにのぼる___ 有馬山
13%
___にこととえば答え顔なる風の声 朝日将軍義仲の ほろびし深田はいずかたぞ 粟津の松
10%
山には絶えず___見に人ものぼりゆく 布引の滝
10%
No matching quizzes found
Score Distribution
Percent of People with Each Score
Percentile by Number Answered
Your Score History
You have not taken this quiz